International thermodynamic tables of the fluid state : helium /

Guardado en:
Autores Corporativos: Thermodynamic Tables Project., International Union of Pure and Applied Chemistry (IUPAC)
Otros Autores: Angus, S., Reuck, K. M. de.
Formato: Libro
Idioma:Undetermined
English
French
German
Russian
Publicado: Oxford : Pergamon Press, 1977.
Series:International thermodynamic tables of the fluid state ; v. 4
Materias:
Etiquetas: Agregar Etiqueta
Sin Etiquetas, Sea el primero en etiquetar este registro!
LEADER 01363nam a22002775a 4500
001 EIQ.libpla001670
008 061128s1977####enka#####b####000#0#und#d
005 20070702160504.0
245 1 0 |a International thermodynamic tables of the fluid state :  |b helium /  |c International Union of Pure and Applied Chemistry, Division of Physical Chemistry, Commission on Thermodynamics and Thermochemistry, Thermodynamic Tables Project ; edited and compiled at the Projects Centre, London, UK, 1975 by S. Angus, K. M. de Reuck, on the basis of tables and equations published by R. D. McCarty. 
260 |a Oxford :  |b Pergamon Press,  |c 1977. 
300 |a xxv, 265 p. :  |b il., tablas ;  |c 26 cm. 
440 0 |a International thermodynamic tables of the fluid state ;  |v v. 4 
500 |a Texto en inglés; prefacio e introducción en inglés, francés, alemán, ruso. 
504 |a Incluye referencias bibliográficas. 
020 |a 0080209572 
700 1 |a Angus, S.  |q (Selby) 
700 1 |a Reuck, K. M. de. 
710 2 |a Thermodynamic Tables Project. 
650 4 |a Helio  |x Tablas. 
650 4 |a Termodinámica  |x Tablas. 
650 4 |a Thermodynamics  |x Tables. 
650 4 |a Helium  |x Tables. 
040 |a AR-BbSID  |b spa  |c AR-BbSID 
041 1 |a eng  |a fre  |a ger  |a rus 
110 2 |a International Union of Pure and Applied Chemistry (IUPAC) 
859 |a AR-BbSID  |b BIB. PLAPIQUI  |h 541.36  |i In 8  |k R  |p 592